| Поле | Инд. | ПП | Название | Значение |
|---|---|---|---|---|
| Тип записи | a | |||
| Библиографический уровень | b | |||
| 001 | Контрольный номер | DU/601666784 | ||
| 005 | Дата корректировки | 20250318111712.0 | ||
| 008 | Кодируемые данные | 20190124 | ||
| 040 | b | Код языка каталог. | rus | |
| e | Правила каталог. | PSBO | ||
| 041 | 0_ | a | Код языка текста | rus |
| 084 | a | Индекс другой классификации/Индекс ББК | 88.351.3 | |
| 100 | 1_ | a | Автор | Куксо П. А. |
| q | Полное имя | Куксо Полина Александровна | ||
| 100 | 1_ | a | Автор | Куксо О. Г. |
| q | Полное имя | Куксо Ольга Геннадьевна | ||
| 245 | 10 | a | Заглавие | Личностные особенности и состояние студентов с разным уровнем нервно-психической устойчивости |
| 504 | a | Библиография | Библиогр.: с. 48 - 49 | |
| 520 | a | Аннотация | В данной статье рассматривается проблема внутриличностного конфликта, темпераментальных показателей и некоторых психических состояний с разным уровнем нервно-психической устойчивости личности студентов в процессе обучения в высшей школе. Цель данной работы выявить степень мотивационно-личностной дезинтеграции, невротизаци,психопатизации, психических состояний и темпераментальных показателей у студентов с разным уровнем нервно-психической устойчивости, а также выявить связи между ними, наконец, определить факторы, которые имеют первостепенное значение для процесса социальной адаптации и саморегуляции у студентов, необходимые для успешного обучения в высшей школе. Был проведен корреляционный анализ, однофакторный дисперсионный анализ ANOVA, факторый анализ с помощью Statistica 10.0. | |
| 650 | 14 | a | Основная рубрика | психология |
| a | Основная рубрика | психология личности | ||
| 653 | a | Ключевые слова | внутриличностные конфликты | |
| a | Ключевые слова | личностные особенности | ||
| a | Ключевые слова | невротизация | ||
| a | Ключевые слова | нервно-психическая устойчивость | ||
| a | Ключевые слова | психические состояния | ||
| a | Ключевые слова | психологические исследования | ||
| a | Ключевые слова | развитие личности | ||
| a | Ключевые слова | стрессоустойчивость | ||
| a | Ключевые слова | студенты | ||
| a | Ключевые слова | темперамент | ||
| 773 | 08 | t | Заглавие источника | Психология. Историко-критические обзоры и современные исследования |
| d | Дата издания источника | 2018 | ||
| g | Прочая информация | Т. 7, № 1А. - С. 37 - 51 : табл. | ||
| w | Контрольный № источника | DU/598461108 | ||
| 901 | t | Тип документа | b |